Green Solutions in Automotive Industry

Príklady zelených riešení vybraných globálnych hráčov v automobilovom priemysle.

Salvato in:
Dettagli Bibliografici
Autore principale: Jaderná, Eva
Altri autori: Přikrylová, Jana
Natura: Capitolo di libro
Lingua:inglese
Soggetti:
Tags: Aggiungi Tag
Nessun Tag, puoi essere il primo ad aggiungerne!!

MARC

LEADER 00000naa a2200000 4500
001 0243901
005 20220722104212.6
041 0 |a eng 
044 |a SK 
245 1 0 |a Green Solutions in Automotive Industry  |c Eva Jaderná, Jana Přikrylová 
520 |a Príklady zelených riešení vybraných globálnych hráčov v automobilovom priemysle. 
610 2 0 |a priemysel automobilový 
610 2 0 |a zodpovednosť spoločenská 
610 2 0 |a podnikanie zodpovedné 
610 2 0 |a ochrana prostredia životného 
610 2 0 |a znečistenie prostredia životného 
610 2 0 |a znečistenie ovzdušia 
100 1 |a Jaderná, Eva 
700 1 |a Přikrylová, Jana